| 000 | 01708cam a22004694i 4500 | ||
|---|---|---|---|
| 003 | PE-LiUPU | ||
| 005 | 20250731173546.0 | ||
| 008 | 150616s1953 xxu r 000 0 eng d | ||
| 035 | _a(Sirsi) a9366 | ||
| 040 |
_aPE-LiUPU _bspa _cPE-LiUPU _erda |
||
| 049 | _aPRUA | ||
| 082 | 0 | 4 |
_a230 _bB81 _221 |
| 100 | 1 |
_aBranson, William Henry, _d1887-1961, _eautor. |
|
| 245 | 1 | 0 |
_aDrama of the Ages / _cWilliam Henry Branson. |
| 264 | 1 |
_aNashville : _bSouthern Pub. Association, _c1953. |
|
| 300 |
_a544 páginas ; _c18 centimetros |
||
| 336 |
_atext _2rdacontent |
||
| 337 |
_aunmediated _2rdamedia |
||
| 338 |
_avolume _2rdacarrier |
||
| 526 | _aSEG42 | ||
| 526 | _aSEG41 | ||
| 526 | _aSEG40 | ||
| 526 | _aSEG39 | ||
| 526 | _aP94 | ||
| 526 | _aP87 | ||
| 526 | _aP86 | ||
| 526 | _aP85 | ||
| 526 | _aP77 | ||
| 526 | _aP76 | ||
| 526 | _aP35 | ||
| 650 | 0 | 4 |
_aAdventistas del Séptimo Día _xDoctrinales y obras polémicas. |
| 910 |
_ajck _bjvq _cjck |
||
| 910 |
_ajck _bjvq _cjck _d20170523 |
||
| 942 |
_2ddc _cBOOK |
||
| 949 |
_a230 B81 _wDEWEY _c1 _i08578 _lCCODEBUL1 _mBUL _p00.00 _r0 _sY _tBOOK _u2015-04-23 _xBIBLIOTECA _zUNKNOWN _0COMPRA _o.STAFF. Colección General |
||
| 994 |
_aC0 _bPEPRU |
||
| 596 | _a1 4 | ||
| 999 |
_a230 B81 _wDEWEY _c60810 _i75887 _f2021-11-9 _g4 _lCCODEBUL1 _mBUL _p17.00 _r0 _sY _tBOOK _u2017-5-23 _xTEOLOGIA _PP85 _0COMPRA _o.STAFF. Colección Teología _d60810 |
||
| 999 |
_a230 B81 _wDEWEY _c1 _i08578 _f2019-12-10 _g4 _lCCODECWL1 _mBWL _r1 _sY _tBOOK _u2015-4-23 _xTEOLOGIA _zUNKNOWN _0COMPRA _o.STAFF. Colección General |
||
| 980 |
_81 _gALBERTO SANCHEZ Responsable de Automatización |
||